000 00736nam a2200253Ia 4500
003 OSt
005 20220926010553.0
006 a|||||r|||| 00| 0
007 ta
008 220923b |||||||| |||| 00| 0 eng d
037 _cGeneral Book
040 _aRTL
_cRTL
_beng
041 _2eng
_aeng
082 _aV61:12:N7, K4
100 _aFranck Thomas M
_997872
245 0 _aEast African unity through law
260 _aNew Haven
_bHavan Yale University Press UK
_c1964
300 _aviii,184P.
_ccm.
490 _aThe American Society of International Law
500 _aIndex:P175-84
650 _aAfrica History
_920294
942 _hV61:12:N7, K4
_cGB
_2CC
999 _c617651
_d617651